000 00300nam a22001337a 4500
008 171017b xxu||||| |||| 00| 0 eng d
020 _a9780324589986
041 _aeng
080 _25 ED
_a330.101.542
100 _a52
101 _aMIK
245 _aMICCROECONOMICS
_cMANKIW.N.G
942 _2udc
_cBK
999 _c34486
_d34486